000 00347nam a2200109 4500
999 _c12214
_d12214
008 190118b ||||| |||| 00| 0 eng d
245 _aPhl coral reefs suffering despite laws against destructive fishing.
260 _aPhilippines
_bThe Philippine Star
_cc2018
300 _apage B7.
650 0 _934568
_aEnvironmental protection.
942 _2ddc
_cPER